PRACTICAL MANUAL OF HISTOLOGY (Record no. 29106)

MARC details
000 -LEADER
fixed length control field 00379nam a22001697a 4500
003 - CONTROL NUMBER IDENTIFIER
control field SGT
020 ## - INTERNATIONAL STANDARD BOOK NUMBER
International Standard Book Number 9789354663741
082 ## - DEWEY DECIMAL CLASSIFICATION NUMBER
Classification number 611
Item number P22S
100 ## - MAIN ENTRY--PERSONAL NAME
Personal name SHARMA,HINA
245 ## - TITLE STATEMENT
Title PRACTICAL MANUAL OF HISTOLOGY
250 ## - EDITION STATEMENT
Edition statement 2ND
260 ## - PUBLICATION, DISTRIBUTION, ETC. (IMPRINT)
Place of publication, distribution, etc NEW DELHI
Name of publisher, distributor, etc CBS PUB.
Year of Publication 2022
300 ## - PAGE DESCRIPTION
No. of Pages 299
650 ## - SUBJECT ADDED ENTRY--TOPICAL TERM
Topical term or geographic name as entry element HISTOLOGY
653 ## - KEYWORDS--INDEX TERM
Keyword term PRACTICAL, MANUAL , HISTOLOGY
942 ## - ADDED ENTRY ELEMENTS (KOHA)
Source of classification or shelving scheme Dewey Decimal Classification
Koha item type Books
Holdings
Withdrawn status Lost status Source of classification or shelving scheme Damaged status Not for loan Collection code Home library Current library Shelving location Date acquired Vendor Name Cost, normal purchase price SGTU Bill Number Total Checkouts Full call number Accession No. (Barcode) Date last seen Bill Date Koha item type Use restrictions
    Dewey Decimal Classification     AYURVEDA SGT FA-FP Library SGT FA-FP Library Text Book 17/01/2025 AHUJA PUB. 695.00 SGTU 19920   611 P22S FA12580 17/01/2025 21/11/2024 Books  
    Dewey Decimal Classification     AYURVEDA SGT FA-FP Library SGT FA-FP Library Reference Book 17/01/2025 AHUJA PUB. 695.00 SGTU 19920   611 P22S FA12581 17/01/2025 21/11/2024 Books Restricted Access